Tuning into diversity. (Record n. 228755)
[ formato base ]
| 000 -LEADER | |
|---|---|
| campo di controllo lung. fissa | 00783nas a2200241Ia 4500 |
| 001 - Numero di controllo | |
| campo di controllo | A10/R128-37493 |
| 003 - Identificatore del numero di controllo | |
| campo di controllo | IT-MiCISF |
| 005 - Data e orario dell'ultima transazione | |
| campo di controllo | 20260415150051.0 |
| 008 - Elementi di lunghezza fissa--Informazione generale | |
| campo di controllo lung. fissa | 161014c99999999xx |||||||||||| ||und|| |
| 040 ## - Fonte della catalogazione | |
| Agenzia catalografica originale | IT-MiCISF |
| Agenzia che fa la trascrizione | IT-MiCISF |
| 041 ## - Codice di lingua | |
| Codice di lingua del testo/traccia sonora o titolo separato | it |
| 100 ## - Accesso principale -- nome di persona | |
| Nome di persona | De Rita Giuseppe (et al.) |
| 9 (RLIN) | 63621 |
| 245 #0 - Formulazione del titolo | |
| Titolo | Tuning into diversity. |
| Complemento del titolo | Immigrati e minoranze etniche nei media |
| 250 ## - Formulazione di edizione | |
| Formulazione di edizione | "Censis. Note e commenti", n. 1-2, gennaio-febbraio |
| 260 ## - Pubblicazione, distribuzione, ecc. (stampa) | |
| Data di pubblicazione, distribuzione, ecc. | 2003 |
| 300 ## - Descrizione fisica | |
| Estensione | pp. 3-162 |
| 500 ## - Nota generale | |
| Nota generale | massmedia, famiglia-migranti, televisione |
| 650 ## - Accesso aggiunto di soggetto--termine topico | |
| Termine topico o nome geografico come accesso | Mass-media |
| 654 ## - Accesso aggiunto di soggetto--termini topici faccettati | |
| Termine principale | rivista |
| 700 ## - Accesso aggiunto--nome di persona | |
| Nome di persona | Cheli E., Manna E., Manacorda P.M., Caruso M.P., Scaramella C., Ferro V., Meli V., Klute E., |
| -- | Husband C., Terzian A. |
| 9 (RLIN) | 63622 |
| 942 ## - Dati aggiuntivi (Koha) | |
| Tipo copia default (Koha) | RIVISTA |
| Fonte della classificazione o dello schema di collocazione (segnatura) | Dewey Decimal Classification |
| 999 ## - Sys Number locale (Koha) | |
| Koha Dewey Subclass [OBSOLETE] | Si |
| Ritirato (status) | Perso (status) | Fonte della classificazione o dello schema di collocazione (segnatura) | Danneggiato (status) | Non per il presito | Biblioteca proprietaria | Biblioteca in cui si trova | Data d'acquisizione | Totale prestiti | Collocazione | Data ultima operazione | Prezzo in vigore dal | Tipo copia default (Koha) | Nota pubblica |
|---|---|---|---|---|---|---|---|---|---|---|---|---|---|
| Dewey Decimal Classification | Buone Condizioni | Not For Loan | CISF - Milano | CISF - Milano | 14/10/2016 | A10/R128-37493 | 14/10/2016 | 14/10/2016 | RIVISTA | Data import 15.10.2016 / by Epidotti, Vaglietti |